00282nam a2200121Ia 45000010005000000080041000050820026000461000018000722450015000902600026001059010012001319990017001431810241024s9999 xx 000 0 und d a[*SIN CLASIFICACION*] a[*SIN AUTOR*] 0aINTRAMUROS bEditorial Formación a11/9/16 c12153d12153